000 00688nam a2200241 a 4500
001 7984
003 BD-RjUL
005 20211208234515.0
008 140116s1965 fr a 001 0 fre d
035 _a(BD-RjUL)8029
040 _aBD-RjUL
_beng
_cBD-RjUL
041 _aeng
082 0 0 _a512.55
_bEHC 1965
100 1 _aEhresmann, Charles.
_924915
245 1 0 _aCatégories et structures /
_cby Charles Ehresmann
260 _aParis :
_bDunod,
_c1965.
300 _axiv, 358 p. ;
_c25 cm.
504 _aIncludes index.
504 _aBibliography: p.[343]-348
650 0 _aCategories (Mathematics)
_920659
830 0 _aTravaux et recherches mathématiques ;
_9151154
942 _2ddc
_cBK
999 _c7984
_d7984